HISTORY OF PHARMACY IN INDIA RELATED ASPECTS SIR RAM NATH CHOPRA WORK VISION AND LEGACY VOL-7 (Record no. 8212)

MARC details
000 -LEADER
fixed length control field 00520nam a22001817a 4500
005 - DATE AND TIME OF LATEST TRANSACTION
control field 20230128124824.0
008 - FIXED-LENGTH DATA ELEMENTS--GENERAL INFORMATION
fixed length control field 230125b |||||||| |||| 00| 0 eng d
020 ## - INTERNATIONAL STANDARD BOOK NUMBER
ISBN 978-8185731-46-9
041 ## - LANGUAGE CODE
Language code of text/sound track or separate title eng
082 ## - DEWEY DECIMAL CLASSIFICATION NUMBER
Classification number 615.10 SIN-S
100 ## - MAIN ENTRY--AUTHOR NAME
Personal name SINGH ,HARKISHAN
245 ## - TITLE STATEMENT
Title HISTORY OF PHARMACY IN INDIA RELATED ASPECTS SIR RAM NATH CHOPRA WORK VISION AND LEGACY VOL-7
250 ## - EDITION STATEMENT
Edition statement 1st ed.
260 ## - PUBLICATION, DISTRIBUTION, ETC. (IMPRINT)
Name of publisher VALLABH PRAKASHAN
Year of publication 2010
300 ## - PHYSICAL DESCRIPTION
Number of Pages 266;P.
650 ## - SUBJECT ADDED ENTRY--TOPICAL TERM
Topical Term PHARMACY
General subdivision D.PHARMA
942 ## - ADDED ENTRY ELEMENTS (KOHA)
Koha item type Books
Holdings
Lost status Damaged status Collection code Home library Current library Shelving location Date acquired Source of acquisition Cost, normal purchase price Full call number Accession Number Koha item type
    Reference JRU Library JRU Library SHELF - 18 - H 20/01/2023 LOHIA BOOK INTERNATIONAL 4550.00 615.10 SIN-S 27328 Books